[Event "40th ECC Open 2025"]
[Site "Rhodes GRE"]
[Date "2025.10.25"]
[Round "7.121"]
[White "Smirin, Ilia"]
[Black "Tarhan, Adar"]
[Result "1-0"]
[WhiteTitle "GM"]
[BlackTitle "IM"]
[WhiteElo "2554"]
[BlackElo "2432"]
[WhiteTeam "Perfect"]
[BlackTeam "Pausa Chess Team"]
[WhiteFideId "2801990"]
[BlackFideId "34544712"]
[EventDate "2025.10.19"]

1. e4 e5 2. Nf3 Nc6 3. Bb5 Nf6 4. d3 Ne7 5. O-O c6 6. Ba4 Ng6 7. Re1 Be7 8. Nbd2
O-O 9. Nf1 a5 10. c3 d6 11. Bc2 Qc7 12. d4 Be6 13. Ne3 Rfd8 14. Nf5 h6 15. Nxe7+
Qxe7 16. h3 Nh7 17. Be3 Qf6 18. Bb3 Bc8 19. Kh2 Nf4 20. a4 Ng5 21. Nd2 c5 22. d5
Ng6 23. Bc4 Rf8 24. Bf1 Qd8 25. b4 b6 26. bxc5 bxc5 27. Rb1 f5 28. exf5 Bxf5 29.
Rb7 Bc8 30. Rb2 Ra7 31. Rb8 Nf4 32. Qb1 Raf7 33. c4 Qd7 34. Qb5 Qf5 35. Qxa5 Qg6
36. Qc3 Bxh3 37. Rxf8+ Rxf8 38. gxh3 Ngxh3 39. Bxf4 Qg1+ 40. Kxh3 Rxf4 41. Ne4
g5 42. Bg2 Rh4+ 43. Kg3 Qh2+ 44. Kf3 Rf4+ 45. Ke2 Qxg2 46. Kd3 Qf3+ 47. Kd2 Qg4
48. Qd3 Qd7 49. Qb3 Qf5 50. Qb8+ Kg7 51. Qb1 Rxf2+ 52. Nxf2 Qxf2+ 53. Re2 Qd4+
54. Qd3 Qb2+ 55. Ke3 Qa1 56. Kf2 Qxa4 57. Rb2 Qd7 58. Rb8 Qa7 59. Qb1 Qa5 60.
Rb7+ Kf6 61. Qf1 Kg6 62. Qd3+ Kh5 63. Rb1 Qa2+ 64. Kg3 1-0

[Event "40th ECC Open 2025"]
[Site "Rhodes GRE"]
[Date "2025.10.25"]
[Round "7.122"]
[White "Durak, Can"]
[Black "Hamitevici, Vladimir"]
[Result "1-0"]
[WhiteTitle "IM"]
[BlackTitle "GM"]
[WhiteElo "2425"]
[BlackElo "2445"]
[WhiteTeam "Pausa Chess Team"]
[BlackTeam "Perfect"]
[WhiteFideId "44552971"]
[BlackFideId "13902393"]
[EventDate "2025.10.19"]

1. e4 c6 2. Nf3 d5 3. d3 g6 4. Nc3 Bg7 5. d4 dxe4 6. Nxe4 Nf6 7. Nxf6+ exf6 8.
Bc4 O-O 9. O-O a5 10. a4 Nd7 11. Re1 Nb6 12. Bb3 Nd5 13. h3 Be6 14. Bd2 Re8 15.
Qc1 Qd7 16. Bc4 Bf8 17. Bf1 Bd6 18. c3 Bc7 19. c4 Nb4 20. Bc3 Qd6 21. Qh6 Nc2
22. d5 Nxe1 23. Rxe1 Bf5 24. c5 Qf4 25. Rxe8+ Rxe8 26. Qxf4 Bxf4 27. d6 Be5 28.
Nxe5 fxe5 29. Bxa5 Ra8 30. b4 Kf8 31. Bc4 Ke8 32. Bb3 f6 33. g4 Bd7 34. Bb6 h5
35. f3 hxg4 36. hxg4 f5 37. g5 f4 38. a5 Bf5 39. b5 Bd7 40. Bc2 Kf7 41. Be4 Rc8
42. Kf2 Ke6 43. Bc7 Rh8 44. a6 bxa6 45. bxc6 1-0

[Event "40th ECC Open 2025"]
[Site "Rhodes GRE"]
[Date "2025.10.25"]
[Round "7.123"]
[White "Atlas, Valery"]
[Black "Oktem, Ege Tuna"]
[Result "0-1"]
[WhiteTitle "IM"]
[BlackTitle "FM"]
[WhiteElo "2407"]
[BlackElo "2367"]
[WhiteTeam "Perfect"]
[BlackTeam "Pausa Chess Team"]
[WhiteFideId "12000035"]
[BlackFideId "26314363"]
[EventDate "2025.10.19"]

1. e4 e6 2. d4 d5 3. Nc3 Nf6 4. e5 Nfd7 5. Nce2 c5 6. f4 Nc6 7. c3 Be7 8. Nf3 f6
9. a3 a5 10. g3 b5 11. Bh3 Nb6 12. O-O O-O 13. g4 Qc7 14. Ng3 cxd4 15. cxd4 Bd7
16. Kh1 fxe5 17. fxe5 a4 18. g5 g6 19. Nh4 Rxf1+ 20. Bxf1 Na5 21. Bd3 Be8 22.
Be3 Nb3 23. Rb1 Nc4 24. Qe2 Qd8 25. Nf3 Nxe3 26. Qxe3 Na5 27. h4 Nc4 28. Qe2 Rb8
29. Rc1 Rb7 30. Rc2 Bf7 31. Nh2 Qb6 32. Qf2 b4 33. Ng4 Be8 34. axb4 Qxb4 35. Ne4
Nxb2 36. Nef6+ Kh8 37. Rc8 Nxd3 38. Qf1 Rb8 39. Rxb8 Qxb8 40. Nxe8 Qxe8 41. Qxd3
Qa8 42. Qc2 a3 43. Qc7 a2 44. Qxe7 a1=Q+ 45. Kg2 Qb2+ 46. Nf2 Qc8 47. h5 Qbb7
48. Qa3 gxh5 49. Qf3 Qe8 50. Nd3 Qbf7 51. Qe3 Qf5 0-1

[Event "40th ECC Open 2025"]
[Site "Rhodes GRE"]
[Date "2025.10.25"]
[Round "7.124"]
[White "Aydin, Gulenay"]
[Black "Kurochkin, Victor"]
[Result "1-0"]
[WhiteTitle "WIM"]
[WhiteElo "2237"]
[BlackElo "2370"]
[WhiteTeam "Pausa Chess Team"]
[BlackTeam "Perfect"]
[WhiteFideId "34557431"]
[BlackFideId "4105168"]
[EventDate "2025.10.19"]

1. e4 c5 2. Nc3 d6 3. d4 cxd4 4. Qxd4 Nc6 5. Qd2 Nf6 6. b3 e6 7. Bb2 Be7 8.
O-O-O O-O 9. f4 a6 10. g4 Nxg4 11. Nf3 e5 12. Nd5 exf4 13. Rg1 Nce5 14. Qxf4 Be6
15. Nxe7+ Qxe7 16. Nxe5 dxe5 17. Qg3 f6 18. Be2 Nh6 19. Rd6 Bc8 20. Bc4+ Kh8 21.
Ba3 Bg4 22. Kb2 Qc7 23. Qh4 Bd7 24. Rd2 Bb5 25. Bd6 Qb6 26. Rxg7 Bxc4 27. Qxh6
Bg8 28. Bxf8 1-0

[Event "40th ECC Open 2025"]
[Site "Rhodes GRE"]
[Date "2025.10.25"]
[Round "7.125"]
[White "Slavin, Gennadie"]
[Black "Senel, Hayri Beyhun"]
[Result "1/2-1/2"]
[BlackTitle "FM"]
[WhiteElo "2207"]
[BlackElo "2129"]
[WhiteTeam "Perfect"]
[BlackTeam "Pausa Chess Team"]
[WhiteFideId "4104870"]
[BlackFideId "26314690"]
[EventDate "2025.10.19"]

1. e4 e5 2. Nc3 Nf6 3. Bc4 Bc5 4. d3 c6 5. Qf3 b5 6. Bb3 a5 7. a3 d6 8. Be3 Nbd7
9. Nge2 Bxe3 10. Qxe3 Nc5 11. Ba2 Be6 12. Bxe6 Nxe6 13. O-O O-O 14. h3 Re8 15.
f4 exf4 16. Nxf4 Nxf4 17. Qxf4 Qe7 18. Qf5 Qe5 19. Qxe5 dxe5 20. a4 b4 21. Nd1
Nd7 22. b3 Nc5 23. Ne3 f6 24. Kf2 Ne6 25. Ke2 Red8 26. g3 Kf7 27. Nc4 Ke7 28.
Rf2 h6 29. Ke3 Rf8 30. Raf1 Rfd8 1/2-1/2

[Event "40th ECC Open 2025"]
[Site "Rhodes GRE"]
[Date "2025.10.25"]
[Round "7.126"]
[White "Yaramis, Hakan"]
[Black "Pleshkov, Mikhail"]
[Result "1-0"]
[WhiteElo "1978"]
[BlackElo "2033"]
[WhiteTeam "Pausa Chess Team"]
[BlackTeam "Perfect"]
[WhiteFideId "6304613"]
[BlackFideId "34106917"]
[EventDate "2025.10.19"]

1. e4 c5 2. Nf3 Nc6 3. Bb5 e5 4. O-O Bd6 5. d4 Nxd4 6. Bc4 h6 7. Nxd4 cxd4 8. c3
Bc5 9. cxd4 Bxd4 10. Be3 Bxe3 11. fxe3 Nf6 12. Qb3 O-O 13. Nc3 d6 14. Rad1 Bg4
15. Rd2 Qe7 16. Qa3 Rac8 17. Bb3 Rc6 18. Bd5 Ra6 19. Qb3 Rb8 20. Rdf2 Be6 21. h3
Rb6 22. Qa4 Bxd5 23. exd5 Rf8 24. Rxf6 gxf6 25. Qh4 Kg7 26. Qg4+ Kh8 27. Qh5 Kg7
28. Rf3 Rh8 29. Ne4 Rb4 30. Qg4+ Kf8 31. Qc8+ Qe8 32. Qf5 Rxe4 33. Qxe4 Qd8 34.
Qh4 h5 35. Rxf6 Kg7 36. Qg5+ Kf8 37. Qf5 Qc7 38. Qe6 Rh7 39. Kh2 Qe7 40. Qc8+
Kg7 41. Rf3 Rh6 42. Qf5 h4 43. e4 Rg6 44. Qh5 Qd8 45. Qf5 Qe7 46. Qh5 Qd8 47.
Qf5 Qe7 48. Rc3 Qf6 49. Qxf6+ Rxf6 50. Rc7 Rf4 51. Rxb7 Rxe4 52. Rxa7 Rb4 53. b3
Rb5 54. Ra4 Rxd5 55. Rxh4 Rd2 56. a4 f5 57. Rb4 e4 58. a5 e3 59. Kg3 Rf2 60. a6
f4+ 61. Rxf4 Rxf4 62. Kxf4 e2 63. a7 e1=Q 64. a8=Q Qe5+ 65. Kg4 Qe6+ 66. Kg3
Qxb3+ 67. Qf3 Qb6 68. Qd5 Qe3+ 69. Kg4 Qe2+ 70. Kf5 Qe7 71. Qe6 Qf8+ 72. Kg4 1-0

[Event "40th ECC Open 2025"]
[Site "Rhodes GRE"]
[Date "2025.10.25"]
[Round "7.127"]
[White "Gaehwiler, Gabriel"]
[Black "Stefansson, Vignir Vatnar"]
[Result "1/2-1/2"]
[WhiteTitle "IM"]
[BlackTitle "GM"]
[WhiteElo "2380"]
[BlackElo "2506"]
[WhiteTeam "SG Winterthur"]
[BlackTeam "Breidablik"]
[WhiteFideId "1314530"]
[BlackFideId "2308649"]
[EventDate "2025.10.19"]

1. d4 Nf6 2. Nf3 b6 3. g3 Bb7 4. Bg2 g6 5. O-O Bg7 6. c4 O-O 7. Re1 e6 8. Qc2
Be4 9. Qd1 Bb7 10. Qc2 d5 11. cxd5 exd5 12. Bf4 Na6 13. Nc3 c5 14. Rad1 Re8 15.
a3 Nc7 16. Be5 Ne6 17. dxc5 bxc5 18. b4 cxb4 19. axb4 Qb6 20. Bxf6 Bxf6 21. Nxd5
Bxd5 22. Rxd5 Qxb4 23. Rb1 Qc3 24. Qa2 Nc5 25. Rdd1 Rab8 26. Rxb8 Rxb8 27. Qxa7
Rb2 28. Bf1 Rb7 29. Qa8+ Kg7 30. Qc8 Qb4 31. Rc1 Ne6 32. Qc4 Qb2 33. Rc2 Qa1 34.
Rc1 Qb2 35. Rc2 Qa1 36. Rc1 Qb2 1/2-1/2

[Event "40th ECC Open 2025"]
[Site "Rhodes GRE"]
[Date "2025.10.25"]
[Round "7.128"]
[White "Heimisson, Hilmir Freyr"]
[Black "Georgescu, Lena"]
[Result "0-1"]
[WhiteTitle "IM"]
[BlackTitle "FM"]
[WhiteElo "2291"]
[BlackElo "2259"]
[WhiteTeam "Breidablik"]
[BlackTeam "SG Winterthur"]
[WhiteFideId "2309998"]
[BlackFideId "1331973"]
[EventDate "2025.10.19"]

1. Nf3 Nf6 2. c4 c5 3. d4 cxd4 4. Nxd4 e6 5. g3 d5 6. Bg2 e5 7. Nf3 d4 8. O-O
Nc6 9. e3 Be7 10. exd4 exd4 11. Bf4 O-O 12. Ne5 Qb6 13. Re1 Be6 14. Nd2 Rfd8 15.
a3 Qxb2 16. Rb1 Qxa3 17. Rxb7 Nxe5 18. Nb1 Qa6 19. Bxe5 Nd7 20. Rxd7 Bxd7 21.
Bxa8 Rxa8 22. Qxd4 Be6 23. Nd2 Rd8 24. Qe3 Qc6 25. Bc3 h6 26. h4 Bf8 27. Qf4 Rd3
28. Ne4 Qxc4 29. Qe5 Qd5 30. Qb8 Rd1 31. Rxd1 Qxd1+ 32. Kh2 Qd5 33. Qf4 Qf5 34.
Qe3 a5 35. f3 Qh3+ 36. Kg1 Bd5 37. Be5 Bxe4 38. fxe4 Qe6 39. Bd4 a4 40. Kg2 Qc4
41. Qf2 Qd3 42. e5 a3 43. Kh2 Bb4 44. e6 fxe6 0-1

[Event "40th ECC Open 2025"]
[Site "Rhodes GRE"]
[Date "2025.10.25"]
[Round "7.129"]
[White "Rappazzo, Johannes"]
[Black "Johannsson, Birkir Isak"]
[Result "1-0"]
[WhiteTitle "FM"]
[WhiteElo "2189"]
[BlackElo "2258"]
[WhiteTeam "SG Winterthur"]
[BlackTeam "Breidablik"]
[WhiteFideId "1340069"]
[BlackFideId "2314673"]
[EventDate "2025.10.19"]

1. e4 c6 2. d4 d5 3. e5 Bf5 4. h4 h5 5. Bd3 Bxd3 6. Qxd3 Qa5+ 7. b4 Qxb4+ 8. Nd2
e6 9. Rb1 Qe7 10. c4 Nh6 11. Ne2 Nf5 12. Ng3 Nxh4 13. Nde4 dxe4 14. Nxe4 Qd8 15.
Bg5 Qa5+ 16. Bd2 Qd8 17. Bg5 Qa5+ 18. Kf1 Ng6 19. Rxb7 Nd7 20. Qf3 Rb8 21. Rxd7
Kxd7 22. Qxf7+ Ne7 23. Nc5+ Qxc5 24. dxc5 Rb1+ 25. Ke2 Rxh1 26. f4 h4 27. f5
exf5 28. e6+ Kd8 29. Qxf5 Kc8 30. Qd3 Kb7 31. Qd7+ Ka8 32. Qd8+ Kb7 33. Bxe7
Bxe7 34. Qxh8 Bf6 35. e7 1-0

[Event "40th ECC Open 2025"]
[Site "Rhodes GRE"]
[Date "2025.10.25"]
[Round "7.130"]
[White "Briem, Benedikt"]
[Black "Ballmann, Martin"]
[Result "1/2-1/2"]
[BlackTitle "IM"]
[WhiteElo "2226"]
[BlackElo "2323"]
[WhiteTeam "Breidablik"]
[BlackTeam "SG Winterthur"]
[WhiteFideId "2315432"]
[BlackFideId "1300350"]
[EventDate "2025.10.19"]

1. d4 Nf6 2. Nf3 g6 3. Nbd2 d5 4. b3 Bg7 5. Bb2 O-O 6. e3 b6 7. Be2 Nbd7 8. Ne5
Nxe5 9. dxe5 Nd7 10. f4 f6 11. Nf3 Bb7 12. h4 fxe5 13. fxe5 Rxf3 14. gxf3 Nxe5
15. Rb1 c5 16. f4 Nf7 17. Bxg7 Kxg7 18. Bf3 e5 19. Qd2 Qe7 20. Kf2 d4 21. Bxb7
Qxb7 22. exd4 Nd6 23. Kg1 exd4 24. h5 Nf5 25. hxg6 hxg6 26. Re1 Qf3 27. Qh2 Kf6
28. Re2 Rd8 29. Qg2 Qxf4 30. Rh3 Qc1+ 31. Kh2 Qf4+ 32. Kg1 Qc1+ 33. Kf2 Qf4+ 34.
Rf3 Qh4+ 35. Kf1 Rh8 36. Rff2 Qh1+ 37. Qxh1 Rxh1+ 38. Kg2 Rc1 39. Kf3 Ne3 40.
Kf4 g5+ 41. Ke4+ Ke6 42. Rh2 Kd7 43. Ref2 Ng4 44. Rh7+ Kc6 45. Rf8 Rxc2 46. Rc8+
Kb5 47. Rxa7 Nf2+ 48. Kf3 d3 49. a4+ Kb4 50. Ra6 d2 51. Rxb6+ Ka3 52. Rd8 d1=Q+
53. Rxd1 Nxd1 54. a5 Rf2+ 55. Ke4 Rf7 56. a6 Nc3+ 57. Ke5 Ra7 58. Kd6 g4 59.
Kxc5 g3 60. Rg6 Rxa6 61. Rxa6+ Kxb3 62. Rg6 Ne2 63. Rxg3+ 1/2-1/2

[Event "40th ECC Open 2025"]
[Site "Rhodes GRE"]
[Date "2025.10.25"]
[Round "7.131"]
[White "Schiendorfer, Emanuel"]
[Black "Briem, Stephan"]
[Result "1-0"]
[WhiteTitle "FM"]
[WhiteElo "2365"]
[BlackElo "2189"]
[WhiteTeam "SG Winterthur"]
[BlackTeam "Breidablik"]
[WhiteFideId "1309889"]
[BlackFideId "2312506"]
[EventDate "2025.10.19"]

1. Nf3 Nf6 2. g3 d5 3. Bg2 Nbd7 4. d4 e6 5. O-O Ne4 6. Nfd2 Nxd2 7. Nxd2 Be7 8.
e4 dxe4 9. Nxe4 O-O 10. Bf4 Nf6 11. c4 Nxe4 12. Bxe4 Bf6 13. Be5 Bxe5 14. dxe5
Qe7 15. Qc2 g6 16. Rad1 Qc5 17. Qc3 a5 18. h4 a4 19. Kh2 Ra5 20. f4 b6 21. Rd4
b5 22. Rc1 Ra7 23. Qd2 bxc4 24. Rdxc4 Qb6 25. Qd4 Qa5 26. h5 Kg7 27. Kh3 c6 28.
Rxc6 Rd8 29. Rd6 Rf8 30. Qc5 a3 31. b4 Qa4 32. h6+ 1-0

[Event "40th ECC Open 2025"]
[Site "Rhodes GRE"]
[Date "2025.10.25"]
[Round "7.132"]
[White "Heidarsson, Arnar Milutin"]
[Black "Szakolczai, Peter"]
[Result "0-1"]
[BlackTitle "FM"]
[WhiteElo "2085"]
[BlackElo "2125"]
[WhiteTeam "Breidablik"]
[BlackTeam "SG Winterthur"]
[WhiteFideId "2312875"]
[BlackFideId "705624"]
[EventDate "2025.10.19"]

1. d4 Nf6 2. c4 c5 3. d5 e5 4. Nc3 d6 5. e4 Be7 6. Bd3 Nbd7 7. Nge2 O-O 8. h3
Ne8 9. Be3 Bg5 10. Qd2 Bxe3 11. Qxe3 a6 12. g4 Nc7 13. Ng3 b5 14. h4 bxc4 15.
Bxc4 Nb6 16. Be2 Nb5 17. Nxb5 axb5 18. h5 f6 19. Bxb5 Bxg4 20. f3 Bc8 21. f4
exf4 22. Qxf4 Kh8 23. O-O h6 24. a4 Ra7 25. Nf5 Bxf5 26. Qxf5 Re7 27. Qg4 f5 28.
Rxf5 Rxf5 29. Qxf5 Re5 30. Qf4 Qe7 31. Rf1 Rg5+ 32. Kf2 Nd7 33. Bxd7 Qxd7 34. b3
c4 35. Qe3 cxb3 36. Qxb3 Qa7+ 37. Ke2 Qd4 38. Qe3 Qxa4 39. Rf8+ Kh7 40. Qf3 Qc2+
41. Ke3 Qh2 42. Qe2 Qe5 43. Rf3 Rxh5 44. Qd3 Rh2 45. Qf1 Qc3+ 46. Qd3 Qc1+ 47.
Kd4 0-1

[Event "40th ECC Open 2025"]
[Site "Rhodes GRE"]
[Date "2025.10.25"]
[Round "7.133"]
[White "Johansson, Linus"]
[Black "De Schampheleire, Glen"]
[Result "1/2-1/2"]
[WhiteTitle "IM"]
[BlackTitle "IM"]
[WhiteElo "2408"]
[BlackElo "2358"]
[WhiteTeam "Limhamns SK"]
[BlackTeam "KBSK Brugge"]
[WhiteFideId "1711113"]
[BlackFideId "208701"]
[EventDate "2025.10.19"]

1. d4 Nf6 2. c4 e6 3. Nc3 d5 4. cxd5 exd5 5. Bg5 c6 6. e3 Bd6 7. Bd3 O-O 8. Nge2
Re8 9. Bh4 Nbd7 10. Qc2 Nf8 11. Bg3 Ne6 12. Rd1 g6 13. O-O Ng7 14. Bxd6 Qxd6 15.
Ng3 h5 16. e4 dxe4 17. Ngxe4 Nxe4 18. Bxe4 Bf5 19. d5 Bxe4 20. Nxe4 Qe5 21. Nc3
Nf5 22. dxc6 bxc6 23. Qa4 Re6 24. h3 a5 25. Rd2 Qc5 26. Qf4 Rae8 27. Rfd1 Kg7
28. Rd7 h4 29. Kh2 Qb4 30. Qc7 Rf6 31. R1d2 Rd6 32. Rxf7+ Kh6 33. Rxf5 Rxd2 34.
Rf4 Qe7 35. Qxe7 Rxe7 36. Rxh4+ Kg7 37. b3 Rxf2 38. Ra4 Re5 39. Kg3 Rc2 40. Ne4
Rd5 41. h4 Rd3+ 42. Kh2 Re3 43. Ng3 Re5 44. Ne4 Kf8 45. Kh3 Ke7 46. g3 Re2 47.
Ng5 Rf5 48. Kg4 Kd7 49. Rd4+ Kc7 50. Ra4 Kb6 51. Ne4 Kc7 52. Ng5 Re3 53. Ne4 Rd3
54. Rc4 Rfd5 55. Kf4 Rf5+ 56. Kg4 Rfd5 57. Kf4 Kb6 58. g4 c5 59. Nf6 R5d4+ 60.
Kg5 Rh3 61. Kxg6 Rxh4 62. Kf5 Rh2 63. a4 Rh3 64. g5 Rf3+ 65. Ke5 Re3+ 66. Kf5
Rf3+ 67. Ke5 Re3+ 68. Kf5 1/2-1/2

[Event "40th ECC Open 2025"]
[Site "Rhodes GRE"]
[Date "2025.10.25"]
[Round "7.134"]
[White "Vantorre, Nils"]
[Black "Jepson, Christian"]
[Result "0-1"]
[BlackTitle "IM"]
[WhiteElo "2221"]
[BlackElo "2402"]
[WhiteTeam "KBSK Brugge"]
[BlackTeam "Limhamns SK"]
[WhiteFideId "258474"]
[BlackFideId "1701185"]
[EventDate "2025.10.19"]

1. Nf3 Nf6 2. b3 g6 3. Bb2 Bg7 4. g3 b6 5. Bg2 Bb7 6. c4 O-O 7. O-O e6 8. Nc3 d6
9. d4 Ne4 10. Qc2 Nxc3 11. Bxc3 f5 12. Ne1 Bxg2 13. Nxg2 e5 14. Rad1 Qe8 15.
dxe5 dxe5 16. Qb2 Rf7 17. Rd5 Nc6 18. e3 Rd8 19. Rfd1 Rfd7 20. h4 Qf7 21. R5d2
a5 22. Ne1 e4 23. Bxg7 Rxd2 24. Rxd2 Rxd2 25. Qxd2 Kxg7 26. Ng2 Ne5 27. Qd8 Qd7
28. Qxd7+ Nxd7 29. Nf4 c6 30. Ne6+ Kf6 31. Nd4 Ne5 32. Kf1 Ke7 33. f4 exf3 34.
Kf2 Kf6 35. Nxf3 Nxf3 36. Kxf3 Ke5 37. g4 fxg4+ 38. Kxg4 h6 39. h5 gxh5+ 40.
Kxh5 Ke4 41. Kxh6 Kxe3 42. Kg6 Kd4 43. Kf6 b5 44. cxb5 cxb5 45. Ke6 b4 0-1

[Event "40th ECC Open 2025"]
[Site "Rhodes GRE"]
[Date "2025.10.25"]
[Round "7.135"]
[White "Lindgren, Philip"]
[Black "Cardon, Helmut"]
[Result "1-0"]
[WhiteTitle "IM"]
[BlackTitle "IM"]
[WhiteElo "2385"]
[BlackElo "2307"]
[WhiteTeam "Limhamns SK"]
[BlackTeam "KBSK Brugge"]
[WhiteFideId "1713230"]
[BlackFideId "1000365"]
[EventDate "2025.10.19"]

1. d4 d5 2. c4 c6 3. Nf3 Nf6 4. Nc3 e6 5. Bg5 dxc4 6. e4 b5 7. e5 h6 8. Bh4 g5
9. Nxg5 hxg5 10. Bxg5 Be7 11. exf6 Bxf6 12. Bxf6 Qxf6 13. g3 Na6 14. Bg2 Bb7 15.
a4 O-O-O 16. axb5 cxb5 17. O-O Rxd4 18. Qe2 Qf5 19. Bxb7+ Kxb7 20. b3 Nc7 21.
Rfb1 Qh5 22. f3 Qc5 23. Kh1 f5 24. bxc4 Rxc4 25. Nxb5 Nxb5 26. Qb2 Rh7 27. Qxb5+
Qxb5 28. Rxb5+ Kc6 29. Rb2 e5 30. Rba2 Rc3 31. Kg2 Kd5 32. Rd1+ Kc4 33. Re1 Re7
34. Ree2 Kb4 35. Ra6 Rc5 36. Rea2 Rh7 37. h4 Rcc7 38. R6a4+ Kb3 39. R4a3+ Kb4
40. Ra5 Rhe7 41. h5 Rc2+ 42. Rxc2 Kxa5 43. g4 fxg4 44. fxg4 e4 45. Kg3 Kb4 46.
g5 e3 47. Re2 Kc4 48. g6 Kd3 49. Kf3 Re6 50. g7 Rf6+ 51. Kg3 Kxe2 52. g8=Q Rf3+
53. Kg4 Kf2 54. Qd5 Rg3+ 55. Kf4 Rh3 56. Qc5 Rh4+ 57. Kg5 Rh2 58. Qxa7 Kf3 59.
Qb7+ Kf2 60. Qb6 Rh3 61. Kg4 Rg3+ 62. Kf4 Rf3+ 63. Ke4 Rh3 64. Qf6+ 1-0

[Event "40th ECC Open 2025"]
[Site "Rhodes GRE"]
[Date "2025.10.25"]
[Round "7.136"]
[White "Decoster, Frederic"]
[Black "Ziegler, Ari"]
[Result "0-1"]
[WhiteTitle "FM"]
[BlackTitle "IM"]
[WhiteElo "2288"]
[BlackElo "2297"]
[WhiteTeam "KBSK Brugge"]
[BlackTeam "Limhamns SK"]
[WhiteFideId "204269"]
[BlackFideId "1700987"]
[EventDate "2025.10.19"]

1. e4 c5 2. Nf3 Nc6 3. d4 cxd4 4. Nxd4 Nf6 5. Nc3 e5 6. Ndb5 d6 7. Nd5 Nxd5 8.
exd5 Nb8 9. a4 Be7 10. Bd2 O-O 11. Be2 f5 12. a5 a6 13. Na3 Nd7 14. Nc4 Qe8 15.
O-O Qf7 16. Bb4 Qf6 17. Qd3 Rd8 18. Qa3 Nc5 19. Rad1 g5 20. Nb6 Rb8 21. c4 Bd7
22. f3 Be8 23. Be1 Bf7 24. Bf2 Nd7 25. Nxd7 Rxd7 26. b4 Kh8 27. Rd2 Bf8 28. Rfd1
Rbd8 29. Bb6 Rc8 30. c5 dxc5 31. Bxc5 Bd6 32. Qe3 f4 33. Qf2 Qe7 34. Rc2 Bxc5
35. Rxc5 Rxc5 36. bxc5 Bxd5 37. Kf1 Bc6 38. Ke1 Qd8 39. Rxd7 Bxd7 40. g3 Qxa5+
41. Kf1 Bh3+ 0-1

[Event "40th ECC Open 2025"]
[Site "Rhodes GRE"]
[Date "2025.10.25"]
[Round "7.137"]
[White "Carlsson, Daniel"]
[Black "Piceu, Tom"]
[Result "0-1"]
[BlackTitle "IM"]
[WhiteElo "2299"]
[BlackElo "2285"]
[WhiteTeam "Limhamns SK"]
[BlackTeam "KBSK Brugge"]
[WhiteFideId "1703021"]
[BlackFideId "201952"]
[EventDate "2025.10.19"]

1. e4 c5 2. Nf3 d6 3. d4 cxd4 4. Nxd4 Nf6 5. Nc3 a6 6. h3 e5 7. Nb3 Be7 8. g4 h6
9. Bg2 Nbd7 10. Be3 Nb6 11. Qe2 Be6 12. Rd1 Nc4 13. Bc1 Qc7 14. Nd5 Nxd5 15.
exd5 Bd7 16. Be4 Rc8 17. c3 b5 18. Nd2 Bg5 19. Nxc4 Qxc4 20. a3 Bxc1 21. Rxc1
O-O 22. Rd1 f5 23. gxf5 Bxf5 24. Qxc4 Rxc4 25. Bg2 Rf6 26. O-O Rg6 27. Kh2 Kf7
28. f4 exf4 29. Rd4 Rxd4 30. cxd4 Rf6 31. Rxf4 Bd3 32. Kg3 g5 33. Rf3 Bc4 34. b4
Rxf3+ 35. Bxf3 Kg6 36. Be4+ Kf6 37. Kg4 Be2+ 38. Kg3 h5 39. Kf2 Bd1 40. Ke1 Bb3
41. Ke2 Bc4+ 42. Kf2 Kg7 43. Ke1 Kf7 44. Kf2 Kf6 45. Kg2 h4 46. Kf2 g4 47. hxg4
Kg5 48. Kf3 Bb3 49. Kf2 Kxg4 50. Bf3+ Kf4 51. Bg2 Bd1 52. Bf1 Bf3 53. Bh3 Bg4
54. Bf1 Ke4 55. a4 bxa4 56. Bxa6 Kxd4 0-1

[Event "40th ECC Open 2025"]
[Site "Rhodes GRE"]
[Date "2025.10.25"]
[Round "7.138"]
[White "Versyck, Dominique"]
[Black "Penalver, Osmani"]
[Result "1-0"]
[BlackTitle "FM"]
[WhiteElo "2071"]
[BlackElo "2274"]
[WhiteTeam "KBSK Brugge"]
[BlackTeam "Limhamns SK"]
[WhiteFideId "244333"]
[BlackFideId "1704516"]
[EventDate "2025.10.19"]

1. e4 c5 2. Nf3 d6 3. Bb5+ Bd7 4. Bxd7+ Qxd7 5. O-O e6 6. c3 Nf6 7. Qe2 Be7 8.
d4 cxd4 9. cxd4 O-O 10. Nc3 Re8 11. Rd1 Nc6 12. d5 exd5 13. Nxd5 Nxd5 14. Rxd5
Qe6 15. Bf4 Bf6 16. Re1 Qxd5 17. exd5 Rxe2 18. Rxe2 Nb4 19. Bxd6 Nxd5 20. Rd2
Rc8 21. Kf1 Nb6 22. b3 g5 23. g4 Bc3 24. Rd3 f6 25. a4 a5 26. Ke2 Kf7 27. Ba3
Rc7 28. h3 Nc8 29. Nd4 Bxd4 30. Rxd4 Ke6 31. Kd3 Na7 32. Rd6+ Ke5 33. Rd8 Ke6
34. Re8+ Kf7 35. Rf8+ Ke6 36. Bb2 Nc6 37. Rxf6+ Ke7 38. Rf5 Nb4+ 39. Ke4 Rc2 40.
Bf6+ Ke6 41. Bxg5 Re2+ 42. Be3 Rb2 43. Rxa5 Rxb3 44. Rb5 1-0

[Event "40th ECC Open 2025"]
[Site "Rhodes GRE"]
[Date "2025.10.25"]
[Round "7.139"]
[White "Krastev, Alexander"]
[Black "Noe, Christopher"]
[Result "1/2-1/2"]
[WhiteTitle "IM"]
[BlackTitle "GM"]
[WhiteElo "2425"]
[BlackElo "2513"]
[WhiteTeam "Schachgesellschaft Solingen"]
[BlackTeam "De Sprenger Echternach"]
[WhiteFideId "12989983"]
[BlackFideId "24692018"]
[EventDate "2025.10.19"]

1. e4 e5 2. Nf3 Nc6 3. Bb5 Nf6 4. O-O Nxe4 5. Re1 Nd6 6. Nxe5 Be7 7. Bf1 Nxe5 8.
Rxe5 O-O 9. d4 Bf6 10. Re1 Re8 11. Rxe8+ Nxe8 12. c3 d5 13. Bf4 c6 14. Bd3 g6
15. Nd2 Ng7 16. Nf3 Bf5 17. Qd2 Bxd3 18. Qxd3 Ne6 19. Be5 Bxe5 20. Nxe5 Qf6 21.
Re1 Re8 22. Qe3 Qf4 23. Nd3 Qxe3 24. Rxe3 Kf8 25. f3 Ke7 26. Kf2 Kd6 27. Ne5 Rf8
28. Nd3 Re8 29. Ne5 Rf8 30. Nd3 Re8 1/2-1/2

[Event "40th ECC Open 2025"]
[Site "Rhodes GRE"]
[Date "2025.10.25"]
[Round "7.140"]
[White "Sumets, Andrey"]
[Black "Van Foreest, Machteld"]
[Result "1/2-1/2"]
[WhiteTitle "GM"]
[BlackTitle "FM"]
[WhiteElo "2520"]
[BlackElo "2314"]
[WhiteTeam "De Sprenger Echternach"]
[BlackTeam "Schachgesellschaft Solingen"]
[WhiteFideId "14105500"]
[BlackFideId "1051563"]
[EventDate "2025.10.19"]

1. Nf3 Nf6 2. g3 d5 3. Bg2 c5 4. O-O e6 5. d3 Nc6 6. Nc3 Be7 7. e4 d4 8. Ne2 Qc7
9. h3 Bd7 10. a4 h6 11. Nd2 e5 12. Nc4 Be6 13. f4 Bxc4 14. dxc4 O-O-O 15. Ra3
Rhe8 16. Bd2 Bd6 17. f5 Qb6 18. Qb1 Bc7 19. Nc1 Qa6 20. Nd3 Ba5 21. Nxc5 Qb6 22.
Nb3 Bxd2 23. Nxd2 d3+ 24. Kh2 dxc2 25. Qxc2 Nd4 26. Qc3 Ne2 27. c5 Nxc3 28. cxb6
Kb8 29. bxa7+ Kxa7 30. Rxc3 Rxd2 31. b3 Nxe4 32. Rc7 Nd6 33. f6 gxf6 34. Rxf6 e4
35. Rc1 e3 36. Re1 Ne4 37. Rf3 Ng5 38. Rf4 Rc8 39. h4 Rcc2 40. hxg5 hxg5 41.
Rxf7 Rxg2+ 42. Kh3 Rgf2 43. Re7 e2 44. Re3 Kb6 45. g4 Rd2 46. Kg3 Rf4 47. R1xe2
Rdd4 48. Re6+ Ka7 49. R2e3 1/2-1/2